Cómo ayudar a su hijo retrasado / (Record no. 188765)

MARC details
000 -LEADER
campo de control de longitud fija 00932nam a2200253 i 4500
001 - NÚMERO DE CONTROL
campo de control 188765
003 - IDENTIFICADOR DE NÚMERO DE CONTROL
campo de control ES-MaACL
005 - FECHA Y HORA DE LA ÚLTIMA TRANSACCIÓN
campo de control 20250927162923.0
007 - CAMPO FIJO DE DESCRIPCIÓN FÍSICA--INFORMACIÓN GENERAL
campo de control de longitud fija t|
008 - DATOS DE LONGITUD FIJA--INFORMACIÓN GENERAL
campo de control de longitud fija 190213s1971 sp ||||1| spa d
100 1# - ENTRADA PRINCIPAL--NOMBRE DE PERSONA
Nombre de persona French, Edward L.
9 (RLIN) 166223
245 10 - MENCIÓN DEL TÍTULO
Título Cómo ayudar a su hijo retrasado /
Mención de responsabilidad, etc. Edward, L. French y J. Gliffors Scott ; prólogo de Josep Martinez de Foix ; versión castellana de Esteban Riambau.
260 ## - PUBLICACIÓN, DISTRIBUCIÓN, ETC.
Lugar de publicación, distribución, etc. Barcelona :
Nombre del editor, distribuidor, etc. Nova Terra,
Fecha de publicación, distribución, etc. [1971]
300 ## - DESCRIPCIÓN FÍSICA
Extensión 180 p. ;
Dimensiones 20 cm.
490 1# - MENCIÓN DE SERIE
Mención de serie Colección "Navidad" ;
Designación de volumen o secuencia 37
650 #4 - PUNTO DE ACCESO ADICIONAL DE MATERIA--TÉRMINO DE MATERIA
Término de materia o nombre geográfico como elemento de entrada Niños con discapacidad mental-
Subdivisión general Educación.
9 (RLIN) 148837
650 07 - PUNTO DE ACCESO ADICIONAL DE MATERIA--TÉRMINO DE MATERIA
Término de materia o nombre geográfico como elemento de entrada Educación familiar
Fuente del encabezamiento o término embne
9 (RLIN) 12106
700 1# - ENTRADA AGREGADA--NOMBRE PERSONAL
Nombre de persona Scott J. Cliffors.
9 (RLIN) 166224
700 1# - ENTRADA AGREGADA--NOMBRE PERSONAL
Nombre de persona Martínez de Foix, José.
9 (RLIN) 166225
700 1# - ENTRADA AGREGADA--NOMBRE PERSONAL
Nombre de persona Riambau, Esteve,
Fechas asociadas al nombre 1925-1994
9 (RLIN) 156353
830 0# - PUNTO DE ACCESO ADICIONAL DE SERIE-TÍTULO UNIFORME
Título uniforme Colección "Navidad" ;
Designación de volumen o secuencia 37
9 (RLIN) 181795
852 ## - LOCALIZACIÓN
Ubicación ES-MaACL
Número de control de estantería P-474-Ter-35
Holdings
Estatus retirado Estado de pérdida Estado de daño No para préstamo Biblioteca de origen Biblioteca actual Ubicación en estantería Fecha de adquisición Fuente de adquisición Total de préstamos Signatura topográfica completa Código de barras Visto por última vez Precio de reemplazo Tipo de ítem Koha
        Biblioteca del Ateneo de Madrid Biblioteca del Ateneo de Madrid Depósito 2 13/02/2019     P-474-Ter-35 1199893 23/02/2023 23/02/2023 Libro impreso